| 000 | 00661nam a2200229Ia 4500 | ||
|---|---|---|---|
| 003 | OSt | ||
| 005 | 20220928105341.0 | ||
| 006 | a|||||r|||| 00| 0 | ||
| 007 | ta | ||
| 008 | 220927b |||||||| |||| 00| 0 eng d | ||
| 024 | _a48611 | ||
| 037 | _cTextual | ||
| 040 |
_aSDCL _cSDCL _beng |
||
| 041 |
_2eng _aeng |
||
| 082 | _aV73y7N131, L4 | ||
| 100 |
_aWeissman Steve Ed. _9414924 |
||
| 245 | 0 |
_aBig brother and the holding behind company _b The world behind Watergate |
|
| 260 |
_aCalifornia _bRamparts Press _c1974 |
||
| 300 |
_a350p _ccm. |
||
| 942 |
_hV73y7N131, L4 _cTEXL _2CC |
||
| 999 |
_c730750 _d730750 |
||